<?xml version="1.0" encoding="UTF-8"?>
<record
    xmlns:xsi="http://www.w3.org/2001/XMLSchema-instance"
    xsi:schemaLocation="http://www.loc.gov/MARC21/slim http://www.loc.gov/standards/marcxml/schema/MARC21slim.xsd"
    xmlns="http://www.loc.gov/MARC21/slim">

  <leader>00497nam a22001337a 4500</leader>
  <datafield tag="082" ind1=" " ind2=" ">
    <subfield code="a">297.2</subfield>
    <subfield code="b">QAM</subfield>
  </datafield>
  <datafield tag="100" ind1=" " ind2=" ">
    <subfield code="a">Qamar, Muhammad Yusuf</subfield>
  </datafield>
  <datafield tag="245" ind1=" " ind2=" ">
    <subfield code="a">Islam mein Hayat Baad Almuimaat:</subfield>
    <subfield code="b">maududi aur perwez ka ek mataliya /</subfield>
    <subfield code="c">Muhammad Yusuf Qamar</subfield>
  </datafield>
  <datafield tag="260" ind1=" " ind2=" ">
    <subfield code="a">Islamabad :</subfield>
    <subfield code="b">PPA Publications, </subfield>
  </datafield>
  <datafield tag="300" ind1=" " ind2=" ">
    <subfield code="a">199 p. ;</subfield>
    <subfield code="c">22 cm.</subfield>
  </datafield>
  <datafield tag="563" ind1=" " ind2=" ">
    <subfield code="a">HBK.</subfield>
  </datafield>
  <datafield tag="880" ind1=" " ind2=" ">
    <subfield code="6">245-02\r</subfield>
    <subfield code="a">&#x627;&#x633;&#x644;&#x627;&#x645; &#x645;&#x6CC;&#x6BA; &#x62D;&#x6CC;&#x627;&#x62A; &#x628;&#x639;&#x62F; &#x627;&#x644;&#x645;&#x645;&#x627;&#x62A;:</subfield>
    <subfield code="b">&#x645;&#x648;&#x62F;&#x648;&#x62F;&#x6CC; &#x627;&#x648;&#x631; &#x67E;&#x631;&#x648;&#x6CC;&#x632; &#x6A9;&#x627; &#x627;&#x6CC;&#x6A9; &#x645;&#x637;&#x627;&#x644;&#x639;&#x6C1; /</subfield>
  </datafield>
  <datafield tag="942" ind1=" " ind2=" ">
    <subfield code="2">ddc</subfield>
    <subfield code="c">BK</subfield>
  </datafield>
  <datafield tag="999" ind1=" " ind2=" ">
    <subfield code="c">592753</subfield>
    <subfield code="d">592753</subfield>
  </datafield>
  <datafield tag="952" ind1=" " ind2=" ">
    <subfield code="0">0</subfield>
    <subfield code="1">0</subfield>
    <subfield code="2">ddc</subfield>
    <subfield code="4">0</subfield>
    <subfield code="6">297_200000000000000_QAM</subfield>
    <subfield code="7">0</subfield>
    <subfield code="9">584538</subfield>
    <subfield code="a">CL</subfield>
    <subfield code="b">CL</subfield>
    <subfield code="c">LIT</subfield>
    <subfield code="d">2022-12-21</subfield>
    <subfield code="e">Donated by PPA Publications </subfield>
    <subfield code="l">0</subfield>
    <subfield code="o">297.2 QAM</subfield>
    <subfield code="p">CL-D-2229</subfield>
    <subfield code="r">2022-12-21</subfield>
    <subfield code="w">2022-12-21</subfield>
    <subfield code="y">BK</subfield>
  </datafield>
</record>
